| 000 | 00546nam a22001817a 4500 | ||
|---|---|---|---|
| 999 |
_c169505 _d169505 |
||
| 005 | 20191122101847.0 | ||
| 010 | _aENG-126973 | ||
| 020 |
_a9788126575411 _c239.00 |
||
| 035 | _aEN-110505 | ||
| 037 | _bDBAD/PUB | ||
| 082 |
_a000 _22nd.ed. |
||
| 100 | _aWiley | ||
| 245 |
_aStaff selection commission : _cby Wiley _bgeneral awareness exam goalpost for SSC exams / |
||
| 260 |
_aNew Delhi _bWilley India _c2018 |
||
| 270 |
_a4436-7, Ansari Road _bDaryaganj _e110002 |
||
| 300 |
_a269p. _c27cm(pbk) |
||
| 942 |
_2ddc _cEN _h000 _mWIL |
||